<?xml version="1.0" encoding="UTF-8"?>
<record
    xmlns:xsi="http://www.w3.org/2001/XMLSchema-instance"
    xsi:schemaLocation="http://www.loc.gov/MARC21/slim http://www.loc.gov/standards/marcxml/schema/MARC21slim.xsd"
    xmlns="http://www.loc.gov/MARC21/slim">

  <leader>01047nam a2200301 a 4500</leader>
  <controlfield tag="001">000012501</controlfield>
  <controlfield tag="003">DO-SdBNP</controlfield>
  <controlfield tag="005">20150212161329.0</controlfield>
  <controlfield tag="007">000012501</controlfield>
  <controlfield tag="008">091113s1986    dr            000 0 spa d</controlfield>
  <datafield tag="040" ind1=" " ind2=" ">
    <subfield code="a">BPMET</subfield>
    <subfield code="b">spa</subfield>
    <subfield code="c">BPMET</subfield>
  </datafield>
  <datafield tag="092" ind1=" " ind2=" ">
    <subfield code="a">972.9304</subfield>
    <subfield code="b">E77i</subfield>
  </datafield>
  <datafield tag="100" ind1="1" ind2=" ">
    <subfield code="a">Espaillat, Ulises Francisco,</subfield>
    <subfield code="d">1823-1878</subfield>
  </datafield>
  <datafield tag="245" ind1="1" ind2="0">
    <subfield code="a">Ideas de bien patrio /</subfield>
    <subfield code="c">Ulises Francisco Espaillat ; direcci&#xF3;n Candido Ger&#xF3;n ; selecci&#xF3;n Emilio Rodr&#xED;guez Demorizi.</subfield>
  </datafield>
  <datafield tag="260" ind1=" " ind2=" ">
    <subfield code="a">Santo Domingo :</subfield>
    <subfield code="b">Biblioteca Nacional </subfield>
    <subfield code="c">1986.</subfield>
  </datafield>
  <datafield tag="300" ind1=" " ind2=" ">
    <subfield code="a">92 p. ;</subfield>
    <subfield code="c">23 cm.</subfield>
  </datafield>
  <datafield tag="490" ind1="1" ind2=" ">
    <subfield code="a">Orfeo</subfield>
  </datafield>
  <datafield tag="504" ind1=" " ind2=" ">
    <subfield code="a">Incluye referencias bibliogr&#xE1;ficas y notas al pie de las p&#xE1;ginas</subfield>
  </datafield>
  <datafield tag="700" ind1="1" ind2=" ">
    <subfield code="a">Ger&#xF3;n, Candido,</subfield>
    <subfield code="e">dir.</subfield>
  </datafield>
  <datafield tag="700" ind1="1" ind2=" ">
    <subfield code="a">Rodr&#xED;guez Demorizi, Emilio</subfield>
  </datafield>
  <datafield tag="830" ind1=" " ind2="0">
    <subfield code="a">Orfeo</subfield>
  </datafield>
  <datafield tag="930" ind1=" " ind2="1">
    <subfield code="l">BND01</subfield>
    <subfield code="m">LF1</subfield>
    <subfield code="8">20091113</subfield>
    <subfield code="f">01</subfield>
    <subfield code="p">HD</subfield>
    <subfield code="g">7419</subfield>
  </datafield>
  <datafield tag="930" ind1=" " ind2="1">
    <subfield code="l">BND01</subfield>
    <subfield code="m">LF1</subfield>
    <subfield code="8">20100218</subfield>
    <subfield code="f">01</subfield>
    <subfield code="p">CT</subfield>
    <subfield code="g">7419</subfield>
    <subfield code="h">e. 2</subfield>
  </datafield>
  <datafield tag="942" ind1=" " ind2=" ">
    <subfield code="2">ddc</subfield>
    <subfield code="c">BK</subfield>
  </datafield>
  <datafield tag="952" ind1=" " ind2=" ">
    <subfield code="0">0</subfield>
    <subfield code="1">0</subfield>
    <subfield code="2">ddc</subfield>
    <subfield code="4">0</subfield>
    <subfield code="7">0</subfield>
    <subfield code="8">DOM</subfield>
    <subfield code="a">BPMET</subfield>
    <subfield code="b">BPMET</subfield>
    <subfield code="d">2015-02-12</subfield>
    <subfield code="l">0</subfield>
    <subfield code="p">BPMET15041186</subfield>
    <subfield code="r">2015-02-12</subfield>
    <subfield code="t">1 ej. </subfield>
    <subfield code="w">2015-02-12</subfield>
    <subfield code="y">BK</subfield>
  </datafield>
  <datafield tag="952" ind1=" " ind2=" ">
    <subfield code="0">0</subfield>
    <subfield code="1">0</subfield>
    <subfield code="2">ddc</subfield>
    <subfield code="4">0</subfield>
    <subfield code="7">0</subfield>
    <subfield code="8">DOM</subfield>
    <subfield code="a">BPMET</subfield>
    <subfield code="b">BPMET</subfield>
    <subfield code="d">2015-02-12</subfield>
    <subfield code="l">0</subfield>
    <subfield code="p">BPMET15041187</subfield>
    <subfield code="r">2015-02-12</subfield>
    <subfield code="t">2 ej.</subfield>
    <subfield code="w">2015-02-12</subfield>
    <subfield code="y">BK</subfield>
  </datafield>
  <datafield tag="952" ind1=" " ind2=" ">
    <subfield code="0">0</subfield>
    <subfield code="1">0</subfield>
    <subfield code="2">ddc</subfield>
    <subfield code="4">0</subfield>
    <subfield code="7">0</subfield>
    <subfield code="8">DOM</subfield>
    <subfield code="a">BPMET</subfield>
    <subfield code="b">BPMET</subfield>
    <subfield code="d">2015-02-12</subfield>
    <subfield code="l">0</subfield>
    <subfield code="p">BPMET15041188</subfield>
    <subfield code="r">2015-02-12</subfield>
    <subfield code="t">3 ej. </subfield>
    <subfield code="w">2015-02-12</subfield>
    <subfield code="y">BK</subfield>
  </datafield>
  <datafield tag="956" ind1=" " ind2=" ">
    <subfield code="a">VGENAO</subfield>
    <subfield code="b">10</subfield>
    <subfield code="c">20091113</subfield>
    <subfield code="l">BND01</subfield>
    <subfield code="h">1027</subfield>
  </datafield>
  <datafield tag="956" ind1=" " ind2=" ">
    <subfield code="a">KLANTIGUA</subfield>
    <subfield code="b">10</subfield>
    <subfield code="c">20091113</subfield>
    <subfield code="l">BND01</subfield>
    <subfield code="h">1347</subfield>
  </datafield>
  <datafield tag="956" ind1=" " ind2=" ">
    <subfield code="a">BTAVAREZ</subfield>
    <subfield code="b">10</subfield>
    <subfield code="c">20100218</subfield>
    <subfield code="l">BND01</subfield>
    <subfield code="h">1012</subfield>
  </datafield>
  <datafield tag="999" ind1=" " ind2=" ">
    <subfield code="c">7384</subfield>
    <subfield code="d">7384</subfield>
  </datafield>
</record>
